Normal view
MARC view
- Andreescu , Titu, Feng, Zuming
Entry Personal Name
001 - CONTROL NUMBER
- control field: 63216
003 - CONTROL NUMBER IDENTIFIER
- control field: NUST
005 - DATE AND TIME OF LATEST TRANSACTION
- control field: 20210628203100.0
008 - FIXED-LENGTH DATA ELEMENTS
- fixed length control field: 210628|| aca||aabn | a|a d
040 ## - CATALOGING SOURCE
- Original cataloging agency: NUST
- Transcribing agency: NUST
100 ## - HEADING--PERSONAL NAME
- Personal name: Andreescu , Titu, Feng, Zuming
670 ## - SOURCE DATA FOUND
- Source citation: Work cat.: (NUST): Andreescu , Titu, Feng, Zuming, Trigonometry problems, from the training of the usa imo team, 2005
